Labor economics and industrial relations : markets and institutions

Αποθηκεύτηκε σε:
Λεπτομέρειες βιβλιογραφικής εγγραφής
Άλλοι συγγραφείς: Kerr, Clark (Επιμελητής έκδοσης), Staudohar, Paul D. (Επιμελητής έκδοσης)
Μορφή: Βιβλίο
Γλώσσα:English
Δημοσίευση: Harvard University Press, 1994
Θέματα:
Ετικέτες: Προσθήκη ετικέτας
Δεν υπάρχουν, Καταχωρήστε ετικέτα πρώτοι!

MARC

LEADER 00000nam a2200000 i 4500
001 1/38056
008 960115s19941994 eng d
020 |a 0-674-50641-3 
035 |l 10024791 
040 |a GR-MY-UA  |b gre  |e aacr 
041 0 |a eng 
082 0 |a 331 
245 1 0 |a Labor economics and industrial relations :  |b markets and institutions /  |c edited by Clark Kerr and Paul Staudohar 
260 |b Harvard University Press,   |c 1994 
300 |a 704 P. 
504 |a Includes bibliographical references and index. 
650 0 0 |a Labor economics. 
650 0 0 |a Industrial relations. 
650 0 0 |a Labor unions. 
650 0 0 |a Labor market. 
650 0 0 |a Labor policy. 
650 0 0 |a Labor economics  |z United States. 
650 0 0 |a Industrial relations  |z United States. 
650 0 0 |a Labor market  |z United States. 
650 0 0 |a Labor unions  |z United States. 
700 1 |a Kerr, Clark.  |4 edt 
700 1 |a Staudohar, Paul D.  |4 edt 
852 |a INST  |b CHIOS  |e 19960115  |h 331 LAB  |p 005200001489  |q 005200001489  |t BK  |y 0 
909 |a Χ  |b 041087